000 00426nam a2200157Ia 4500
008 230312s9999||||xx |||||||||||||| ||und||
020 _a0-07-255217-4
082 _a658.8
_bPET-M
100 _aPeter J. Paul
245 0 _aMarketing Management
260 _bMcGraw Hill
_aNew York
_c2004
300 _a876
546 _aEng.
650 _aManagement
_vIntroduction , Business Government and institutional buying
942 _cBK
999 _c454
_d454